Statistics for Countries with no railways

Click here to take the quiz!

General Stats

  • This quiz has been taken 44 times
  • The average score is 39 of 51

Answer Stats

Countries which had railways% Correct
Andorra
95%
Marshall Islands
90%
Solomon Islands
90%
Vanuatu
90%
Bahrain
88%
Saint Lucia
88%
Saint Vincent and the Grenadines
88%
San Marino
88%
Tonga
88%
Tuvalu
88%
Dominica
85%
Haiti
85%
Burundi
83%
Cape Verde
83%
Comoros
83%
Malta
83%
Rwanda
83%
Antigua and Barbuda
80%
Cyprus
80%
Grenada
80%
Maldives
80%
Samoa
80%
Sao Tome and Principe
80%
Seychelles
80%
Barbados
78%
East Timor
78%
Gambia
78%
Iceland
78%
Kiribati
78%
Micronesia
78%
Palau
78%
Trinidad and Tobago
78%
Belize
75%
Kuwait
75%
Papua New Guinea
75%
Bhutan
73%
Chad
73%
Equatorial Guinea
73%
Guinea Bissau
73%
Oman
73%
Yemen
73%
Bahamas
70%
Brunei
68%
Central African Republic
68%
lebanon
65%
Guyana
63%
Suriname
63%
Somalia
60%
Nicaragua
55%
Guatemala
50%
Libya
48%

Score Distribution

Percentile by Number Answered

Percent of People with Each Score

Your Score History

You have not taken this quiz